Central Library OPAC University of Rajshahi

The Commonwealth in Asia / (Record no. 25659)

MARC details
000 -LEADER
fixed length control field 00963nam a22003131 4500
001 - CONTROL NUMBER
control field 25659
003 - CONTROL NUMBER IDENTIFIER
rucl marc code BD-RjUL
005 - DATE AND TIME OF LATEST TRANSACTION
control field 20211209050917.0
008 - FIXED-LENGTH DATA ELEMENTS--GENERAL INFORMATION
fixed length control field 140319s19521951enk 001 0 eng
035 ## - SYSTEM CONTROL NUMBER
System control number (BD-RjUL)25729
System control number (OCoLC)878309
040 ## - CATALOGING SOURCE
Original cataloging agency DLC
Transcribing agency OClW
Modifying agency OCoLC
-- TQG
-- DLC
-- BD-RjUL
Language of cataloging eng
041 ## - LANGUAGE CODE
Language code of text/sound track or separate title eng
082 04 - DEWEY DECIMAL CLASSIFICATION NUMBER
Classification number 950
Author mark and year JEC 1952
100 1# - MAIN ENTRY--PERSONAL NAME
Personal name Jennings, Ivor,
Dates associated with a name 1903-1965.
9 (RLIN) 8234
245 14 - TITLE STATEMENT
Title The Commonwealth in Asia /
Statement of responsibility, etc. Ivor Jennings, Sir
250 ## - EDITION STATEMENT
Edition statement 1st ed.
260 ## - PUBLICATION, DISTRIBUTION, ETC. (IMPRINT)
Place of publication, distribution, etc. Oxford :
Name of publisher, distributor, etc. Clarendon Press,
Date of publication, distribution, etc. 1951 [Reprint 1952].
300 ## - PHYSICAL DESCRIPTION
Pagination xi, 124 p. ;
Size 23 cm.
490 1# - SERIES STATEMENT
Series statement The Waynflete lectures,
Volume/sequential designation 1949
504 ## - BIBLIOGRAPHY, ETC. NOTE
Bibliography, etc Includes index.
651 #0 - SUBJECT ADDED ENTRY--GEOGRAPHIC NAME
Geographic name India
General subdivision Social conditions.
9 (RLIN) 78835
Geographic name Sri Lanka
General subdivision Social conditions.
9 (RLIN) 13924
Geographic name India
General subdivision Politics and government
Chronological subdivision 1947-
9 (RLIN) 78836
Geographic name Sri Lanka
General subdivision Politics and government.
9 (RLIN) 78837
942 ## - ADDED ENTRY ELEMENTS (KOHA)
Source of classification or shelving scheme Dewey Decimal Classification
Koha item type Books
Holdings
Lost status Source of classification or shelving scheme Damaged status Not for loan Collection code Permanent Location Current Location Shelving location Date acquired Source of acquisition Cost, normal purchase price Total Checkouts Full call number Date last seen Copy number Koha item type
  Dewey Decimal Classification   Added to bundle Non-fiction Central Library, University of Rajshahi Central Library, University of Rajshahi Reading Room 09/11/1956 Pak co-op. book society 6.40   950 JEC 1952 19/03/2014 C-1 Books
  Dewey Decimal Classification     Non-fiction Central Library, University of Rajshahi Central Library, University of Rajshahi   18/11/1957 O. U. P 12.30   950 JEC 1952 19/03/2014 C-5 Books
  Dewey Decimal Classification     Non-fiction Central Library, University of Rajshahi Central Library, University of Rajshahi   09/01/1965 Zitlinger 10.60   950 JEC 1952 19/03/2014 C-7 Books
  Dewey Decimal Classification     Non-fiction Central Library, University of Rajshahi Central Library, University of Rajshahi   26/01/1955 WBC 7.13   950 JEC 1951 19/03/2014 C-2 Books
  Dewey Decimal Classification     Non-fiction Central Library, University of Rajshahi Central Library, University of Rajshahi   20/01/1955 MBP 7.13   950 JEC 1952 19/03/2014 C-3 Books
  Dewey Decimal Classification     Non-fiction Central Library, University of Rajshahi Central Library, University of Rajshahi   21/07/1955 O. U. P 6.40   950 JEC 1952 19/03/2014 C-4 Books
  Dewey Decimal Classification     Non-fiction Central Library, University of Rajshahi Central Library, University of Rajshahi   26/03/1964 Zitlinger 18.00   950 JEC 1952 19/03/2014 C-6 Books
  Dewey Decimal Classification     Non-fiction Central Library, University of Rajshahi Central Library, University of Rajshahi   09/01/1965 Zitlinger 18.00   950 JEC 1951 19/03/2014 C-8 Books
  Dewey Decimal Classification     Non-fiction Central Library, University of Rajshahi Central Library, University of Rajshahi   11/01/1965 Zitlinger 10.60   950 JEC 1951 19/03/2014 C-9 Books